000 00666nam a2200217 i 4500
001 101028
003 ES-MaACL
005 20250712031718.0
007 t|
008 051011s1956 sp ||||1| spa d
100 1 _aMaugham, W. Somerset.
_979192
245 1 0 _aLuz en el alma /
_cW. Somerset Maugham; [traducción de Fernando Gutiérrez].
250 _a[1ª ed.].
260 _aBarcelona :
_bJosé Janés,
_c1956.
300 _a206 p. ;
_c17 cm.
490 1 _aEl club de los lectores
700 1 _aGutiérrez, Fernando,
_d1911-1984
_9156260
830 0 _aEl club de los lectores
_9181015
852 _aES-MaACL
_jC-14306
_bR.40613
999 _c101028
_d101028